Statistics for Euro 2016 - Quarter Finalists

Click here to take the quiz!

General Stats

  • This quiz has been taken 117 times
  • The average score is 5 of 8

Answer Stats

Answer% Correct
France
97%
Portugal
88%
Germany
60%
Wales
51%
Iceland
50%
Italy
47%
Poland
41%
Belgium
34%

Score Distribution

Percentile by Number Answered

Percent of People with Each Score

Your Score History

You have not taken this quiz